| 000 | 00377nam a2200133 i 4500 | ||
|---|---|---|---|
| 001 | 183708 | ||
| 003 | ES-MaACL | ||
| 005 | 20230906221945.0 | ||
| 008 | 140930s1899 sp |||| | spa d | ||
| 100 | 1 |
_aHinojosa, R. de. _9155628 |
|
| 245 | 1 | 3 |
_aLa jurisdicción apostólica en España / _cR. de Hinojosa. |
| 260 |
_aMadrid : _b[s.n.], _c1899. |
||
| 852 |
_aES-MaACL _jT-1450-F-12 |
||
| 999 |
_c183708 _d183708 |
||